000 01513nam a22003137a 4500
999 _c65885
_d65885
005 20240530110848.0
008 200912s2019 ua a f b 000 0dara d
017 _a2019/3983
_bمصر. دار الكتب
020 _a9789771813569
040 _aEG-CaGPL
_cEG-CaGPL
082 0 4 _221
_a953.074
_bد س
100 1 _aالداعى ، عماد الدين ادريس بن الحسن بن عبدالله بن على الاسماعيلى
245 1 2 _aالسبع السابع من عيون الاخبار وفنون الاثار /
_cالداعى ، عماد الدين ادريس بن الحسن بن عبدالله بن على الاسماعيلى ؛ قابله باصوله واعده للنشر ايمن فؤاد سيد
250 _aط.1
260 _aالقاهرة :
_bمطبعة دار الكتب و الوثائق القومية بالقاهرة ،
_c2019
300 _a397 ص. ؛
_c24 سم.
504 _aيشتمل على ارجاعات ببليوجرافية
600 0 _aعلى بن محمد الصليحى
600 0 _aالطيب بن الامر
600 0 _aالامر باحكام الله
600 0 _aالمستعلى بالله
600 0 _aاحمد بن على الصليحى
600 0 _aالمؤيد فى الدين
650 0 7 _aالتاريخ الاسلامى
_2qrmak
651 0 7 _2qrmak
_aمصر
_xالاحوال الدينية
700 0 _aايمن فؤاد سيد
_eمعد النشر
942 _2ddc
_cBK